| 000 | 01313cam a22003615a 4500 | ||
|---|---|---|---|
| 999 |
_c18836 _d18808 |
||
| 001 | 13550183 | ||
| 003 | EG-ScBUE | ||
| 005 | 20210308114807.0 | ||
| 008 | 040407r20042014xxk f b 001 0 eng d | ||
| 020 | _a0521820774 (hardback) | ||
| 020 | _a9780521820776 | ||
| 040 |
_aDLC _beng _erda _cDLC _dDLC _dEG-ScUE |
||
| 043 | _ae-uk--- | ||
| 082 | 0 | 4 |
_a820.90091 _bCAM _222 |
| 245 | 0 | 4 |
_aThe Cambridge history of twentieth-century English literature / _cedited by Laura Marcus and Peter Nicholls. |
| 250 | _aReprinted edition. | ||
| 264 | 1 |
_aCambridge : _bCambridge University Press, _c2014. |
|
| 300 |
_axiv, 885 pages ; _c24 cm. |
||
| 336 |
_2rdacontent _atext _btxt |
||
| 337 |
_2rdamedia _aunmediated _bn |
||
| 338 |
_2rdacarrier _avolume _bnc |
||
| 490 | 0 | _aThe new Cambridge history of English literature | |
| 500 | _aReprint of the 2004 ed. | ||
| 504 | _aIncludes bibliographical references and index. | ||
| 590 | _adoaa mohamed | ||
| 650 | 7 |
_aEnglish literature _y20th century _xHistory and criticism. _2BUEsh _930833 |
|
| 651 | 7 |
_aGreat Britain _xIntellectual life _y20th century. _2BUEsh _937063 |
|
| 653 |
_cJanuary2015 _bHHUUEENN |
||
| 655 |
_vReading book _934232 |
||
| 700 | 1 |
_aMarcus, Laura, _eeditor. _937064 |
|
| 700 | 1 |
_aNicholls, Peter, _d1950- _eeditor. _937065 |
|
| 942 |
_2ddc _k820.90091 CAM _cBB |
||